| 000 | 00845nam a2200265 i 4500 | ||
|---|---|---|---|
| 005 | 20260322212026.0 | ||
| 008 | data | ||
| 010 | _a 76043465 | ||
| 020 |
_a0465070434 : _c{dollar}16.50 |
||
| 020 |
_a9780465070435 : _c{dollar}16.50 |
||
| 040 |
_aDLC _cDLC _dCtY |
||
| 043 | _an-us--- | ||
| 050 | 0 |
_aHQ796 _b.K397 |
|
| 090 | _aHQ 796 K51r 1977 | ||
| 100 | 1 | _aKett, Joseph F. | |
| 245 | 1 | 0 |
_aRites of passage : _badolescence in America, 1790 to the present / _cJoseph F. Kett. |
| 260 | 0 |
_aNew York : _bBasic Books, _cc1977. |
|
| 300 |
_aix, 327 p., [6] leaves of plates : _bill. ; _c25 cm. |
||
| 504 | _aIncludes bibliographical references and index. | ||
| 590 | _aIncludes bibliography references and index. | ||
| 650 | 0 |
_aYouth _zUnited States _xHistory. |
|
| 650 | 0 | _aAdolescence. | |
| 651 | 0 |
_aUnited States _xSocial conditions. |
|
| 001 | data | ||
| 999 |
_c593 _d593 |
||